000
00224nam a22000857a 4500
008
170111b xxu||||| |||| 00| 0 eng d
100
_9
2328
_a
Chaudhry.S.etal.
245
_a
Together with Maths-VI
260
_a
New Delhi
_b
Rancha
_c
2011
999
_c
5265
_d
5265